Flags of the Departments of Paraguay - Statistics

General Stats
  • This quiz has been taken 52 times
  • The average score is 10 of 17
Answer Stats
Picture Answer % Correct
Alto Paraguay
100%
Amambay
80%
Alto Paraná
70%
Boquerón
70%
Caaguazú
60%
Central
60%
Cordillera
60%
Caazapa
50%
Canindeyú
50%
Concepción
50%
Itapúa
50%
Ñeembucú
50%
Paraguarí
50%
San Pedro
50%
Misiones
40%
Presidente Hayes
40%
Guiará
30%
No matching quizzes found
Score Distribution
Percent of People with Each Score
Percentile by Number Answered
Your Score History
You have not taken this quiz